Sports Quiz

Random Sports or Soccer Quiz

Soccer Puns Quiz Stats

 Plays Quiz Updated Jun 6, 2018

Also try: Historical Puns
Challenge
Share
Tweet
Embed
Score 0/20 Timer 06:00
19 Plays Today
% Correct
Penal-tea.
93.7%
Ghoul keeper.
92.9%
Hide the ball, it drives them nuts.
91.6%
A Newcastle fan rolling down a hill.
91.5%
The scenter spot.
90.5%
There are too many cheetahs.
90.3%
It has no cups and very little support.
89.7%
Yellow cards.
89.1%
Because the players dribble a lot.
88.6%
By the time they get all their shoes on, the game has ended.
88.3%
% Correct
So he could tie the score.
88.1%
I achieved my goal.
87.9%
He's a keeper.
87.5%
They both spent 50mil on a sub.
87.3%
They know how to use their heads.
86.7%
Because she always runs away from the ball.
86.7%
why do they keep score?
86.5%
They stand near the fans.
86.1%
She was tired of being kicked around.
82.4%
He was a boxer.
80.6%

You're not logged in!

Compare scores with friends on all Sporcle quizzes.
OR
Log In

You Might Also Like...

Show Comments

Extras

Top Quizzes Today


Score Distribution

Your Account Isn't Verified!

In order to create a playlist on Sporcle, you need to verify the email address you used during registration. Go to your Sporcle Settings to finish the process.

Report this User

Report this user for behavior that violates our Community Guidelines.

Details: